[Event "Kieler Open 2016-A"]
[Site "Kiel"]
[Date "2016.08.03"]
[Round "7.26"]
[White "Werner, René"]
[Black "Benzen, Marthe"]
[Result "0-1"]
[WhiteElo "1885"]
[BlackElo "2043"]
[PlyCount "138"]

1. c4 Nf6 2. g3 g6 3. Bg2 Bg7 4. Nc3 d6 5. Nf3 e5 6. d3 Nc6 7. O-O O-O 8. Bd2
Nh5 9. Rc1 f5 10. a3 a6 11. b4 f4 12. Qb3 Kh8 13. a4 a5 14. Nd5 axb4 15. Nxb4
Bd7 16. Nd5 b6 17. e3 Na5 18. Qd1 fxg3 19. hxg3 Nb7 20. Nc3 Nc5 21. d4 Nxa4 22.
dxe5 dxe5 23. Ra1 e4 24. Nd4 Nxc3 25. Bxc3 Re8 26. Qc2 Rxa1 27. Rxa1 Qg5 28.
Ra7 Nxg3 29. Rxc7 Re7 30. Nb5 Nf5 31. Kf1 Rf7 32. Bd2 Ng3+ 33. Ke1 Qf6 34. Bc3
Qg5 35. Bxg7+ Kxg7 36. Qd2 Bxb5 37. Rxf7+ Kxf7 38. cxb5 Nh5 39. Qd7+ Qe7 40.
Qd5+ Kg7 41. Bxe4 Nf6 42. Qd4 Qxe4 43. Qxb6 Nd5 44. Qb7+ Kh6 45. Qf7 Qb4+ 46.
Kf1 Qxb5+ 47. Kg2 Qc6 48. Qf8+ Kg5 49. Kg3 Nf6 50. Qe7 Qd5 51. f3 Qf5 52. e4
Qf4+ 53. Kg2 Kh4 54. e5 Qg3+ 55. Kf1 Qxf3+ 56. Ke1 Kg5 57. exf6 Qxf6 58. Qxh7
Kf4 59. Qh2+ Kf5 60. Qf2+ Ke6 61. Qxf6+ Kxf6 62. Kf2 Kf5 63. Kg3 Kg5 64. Kg2
Kg4 65. Kh2 Kf3 66. Kh3 g5 67. Kh2 g4 68. Kg1 Kg3 69. Kh1 Kf2 0-1

[Event "Kieler Open 2016-A"]
[Site "Kiel"]
[Date "2016.08.03"]
[Round "7.27"]
[White "Papesch, Dennis"]
[Black "Wanner, Lukas"]
[Result "1-0"]
[WhiteElo "1852"]
[BlackElo "2001"]
[PlyCount "63"]

1. d4 Nf6 2. c4 Nc6 3. Nf3 e6 4. Nc3 Bb4 5. Bd2 O-O 6. e3 d6 7. a3 Bxc3 8. Bxc3
Qe7 9. Be2 e5 10. dxe5 dxe5 11. Qc2 Bg4 12. O-O Bh5 13. b4 Bg6 14. Qb2 e4 15.
Nd4 Nd8 16. b5 a5 17. Rfd1 Nd7 18. Nb3 f5 19. Nxa5 Nc5 20. Bb4 Rxa5 21. Bxa5
Nde6 22. Bb4 f4 23. Qe5 b6 24. Bg4 Bf7 25. exf4 Qh4 26. Bxe6 Nxe6 27. Bxf8 Kxf8
28. g3 Qh3 29. f5 Qh5 30. Qxe4 Ng5 31. Rd8+ Be8 32. Qxe8+ 1-0

[Event "Kieler Open 2016-A"]
[Site "Kiel"]
[Date "2016.08.03"]
[Round "7.28"]
[White "Riha, Peter"]
[Black "Schmidt, Peter"]
[Result "0-1"]
[WhiteElo "1743"]
[BlackElo "1971"]
[PlyCount "25"]

1. d4 Nf6 2. c4 c5 3. d5 b5 4. cxb5 a6 5. Nc3 g6 6. e4 d6 7. Nf3 Bg7 8. Bf4 O-O
9. Bc4 axb5 10. Bxb5 Qa5 11. a4 Nxe4 12. Qc2 Nxc3 13. bxc3 0-1

[Event "Kieler Open 2016-A"]
[Site "Kiel"]
[Date "2016.08.03"]
[Round "7.29"]
[White "Arndt, Magnus"]
[Black "Thieme, Daniel Otis"]
[Result "1/2-1/2"]
[WhiteElo "1870"]
[BlackElo "1878"]
[PlyCount "93"]

1. e4 c5 2. c3 d5 3. exd5 Qxd5 4. d4 Nc6 5. Nf3 Bf5 6. Be3 cxd4 7. Nxd4 Nxd4 8.
Qxd4 Nf6 9. Na3 a6 10. Nc4 Rd8 11. O-O-O e6 12. Be2 Qxd4 13. Bxd4 Be7 14. Rhe1
Nd5 15. g3 O-O 16. f4 h6 17. Bf3 Rfe8 18. Nb6 Kf8 19. Nxd5 exd5 20. Re2 Be6 21.
Rde1 g6 22. g4 Bd6 23. Be5 b5 24. f5 Bxe5 25. Rxe5 gxf5 26. gxf5 Bxf5 27. Rxe8+
Rxe8 28. Rxe8+ Kxe8 29. Bxd5 Bd7 30. Kd2 Ke7 31. Ke3 f6 32. Kd4 Kd6 33. b3 Bf5
34. b4 Bd7 35. c4 bxc4 36. Bxc4 Bb5 37. Bb3 Bc6 38. a4 Bd7 39. Bc2 Bc6 40. Bd1
Bd7 41. h4 Bc6 42. Be2 Bxa4 43. Bxa6 Bd1 44. Bd3 Ba4 45. b5 Bxb5 46. Bxb5 Ke7
47. Ke4 1/2-1/2

[Event "Kieler Open 2016-A"]
[Site "Kiel"]
[Date "2016.08.03"]
[Round "7.30"]
[White "Rudolph, Jens-Erik"]
[Black "Neuendorf, Max"]
[Result "0-1"]
[WhiteElo "1939"]
[BlackElo "1874"]
[PlyCount "118"]

1. e4 e6 2. b3 d5 3. Bb2 dxe4 4. Nc3 Nf6 5. Qe2 Be7 6. Nxe4 Nxe4 7. Qxe4 Bf6 8.
d4 Qd5 9. Bd3 Bd7 10. Qe3 Bc6 11. Nf3 Qd8 12. O-O-O Bxf3 13. Qxf3 c6 14. Rhe1
O-O 15. Qe4 g6 16. h4 Qd5 17. Qg4 Nd7 18. Kb1 Bg7 19. f4 Nf6 20. Qh3 b5 21. g4
h5 22. gxh5 Nxh5 23. Qg4 a5 24. Rg1 Ra7 25. Qg5 b4 26. Rdf1 Qxg5 27. fxg5 Rd8
28. Rg4 Rad7 29. Be4 Rd6 30. Bf3 Bxd4 31. Bxd4 Rxd4 32. Rxd4 Rxd4 33. Bxc6 Rxh4
34. Be8 Rf4 35. Rd1 Ng7 36. Bc6 Rf5 37. Rd8+ Kh7 38. Rd7 Nh5 39. Be4 Rf1+ 40.
Kb2 Kg7 41. Ra7 Re1 42. Bxg6 Kxg6 43. Rxa5 Nf4 44. Rb5 Nd5 45. a4 bxa3+ 46.
Kxa3 Ra1+ 47. Kb2 Ra2+ 48. Kc1 Ra1+ 49. Kd2 Rd1+ 50. Kxd1 Nc3+ 51. Kd2 Nxb5 52.
c4 Nd6 53. Ke3 Kxg5 54. c5 Nb5 55. Ke4 Kf6 56. b4 Ke7 57. Ke5 Kd7 58. Kf6 Kc6
59. Ke5 f5 0-1

[Event "Kieler Open 2016-A"]
[Site "Kiel"]
[Date "2016.08.03"]
[Round "7.31"]
[White "Apitzsch, Leon Fabian"]
[Black "Rosenburg, Thies"]
[Result "1/2-1/2"]
[WhiteElo "1841"]
[BlackElo "1728"]
[PlyCount "152"]

1. e4 c6 2. Nf3 d5 3. Nc3 dxe4 4. Nxe4 Nf6 5. Ng3 g6 6. Bc4 Bg7 7. O-O O-O 8.
Re1 Nbd7 9. d4 Nb6 10. Bb3 Bg4 11. c3 Qc7 12. h3 Bxf3 13. Qxf3 Rac8 14. Bf4 Qd7
15. Ne4 Nbd5 16. Bh2 b6 17. Rad1 Nxe4 18. Rxe4 e6 19. Ree1 Rcd8 20. a3 Qe7 21.
Re2 Qf6 22. Qe4 Ne7 23. Be5 Qf5 24. Bxg7 Qxe4 25. Rxe4 Kxg7 26. Kf1 Rd7 27.
Ree1 Rfd8 28. Ke2 Kf6 29. Kf3 g5 30. Bc2 h5 31. g3 Nc8 32. Ba4 Ne7 33. Rh1 Rd5
34. h4 Rf5+ 35. Kg2 g4 36. Rhe1 Ra5 37. Bc2 Rb5 38. b3 Ra5 39. a4 c5 40. dxc5
Rxd1 41. Rxd1 Rxc5 42. c4 Re5 43. Kf1 Nc6 44. Rd7 Nb4 45. Bb1 Ra5 46. Ke2 Nc6
47. Rd6 Ne5 48. Be4 Ke7 49. Rd2 f5 50. Bg2 Rc5 51. Rd4 Nd7 52. Kd2 a5 53. Kc3
Re5 54. Rd2 Nc5 55. b4 Na6 56. bxa5 bxa5 57. Bc6 Nb4 58. Bb5 Re1 59. Rd7+ Kf6
60. Ra7 Re2 61. Rxa5 Na2+ 62. Kd4 Rxf2 63. Ra6 Nb4 64. Rb6 Nc2+ 65. Kc5 f4 66.
gxf4 g3 67. Bc6 Rxf4 68. Rb3 Nd4 69. Rxg3 Nxc6 70. Kxc6 Rxc4+ 71. Kb5 Rxh4 72.
a5 Rh2 73. a6 Ra2 74. Rh3 Kg5 75. Re3 Kf5 76. Rh3 Kg5 1/2-1/2

[Event "Kieler Open 2016-A"]
[Site "Kiel"]
[Date "2016.08.03"]
[Round "7.32"]
[White "Saß, Patrick"]
[Black "Mock, Markus"]
[Result "0-1"]
[WhiteElo "1841"]
[BlackElo "2002"]
[PlyCount "74"]

1. a3 f5 2. d4 d6 3. Nf3 Nf6 4. c4 e6 5. Nc3 b6 6. e3 Bb7 7. Be2 Qe7 8. Bd2 e5
9. O-O g6 10. b4 Nbd7 11. Nb5 Qd8 12. dxe5 dxe5 13. Ng5 Ke7 14. Qc2 h6 15. Nf3
a6 16. Nc3 Bg7 17. Rfd1 Qc8 18. Bc1 Ne4 19. Nd5+ Kf7 20. Bb2 c6 21. Nxb6 Nxb6
22. Nxe5+ Bxe5 23. Bxe5 Re8 24. Bb2 Qe6 25. Bd4 c5 26. bxc5 Nd7 27. Rab1 Nexc5
28. a4 Be4 29. Qc3 Bxb1 30. Rxb1 Rab8 31. Rxb8 Rxb8 32. g3 Qe4 33. h3 Qb1+ 34.
Kg2 Qb4 35. Qa1 Qxa4 36. Qc3 Qb4 37. Qa1 Nb3 0-1

[Event "Kieler Open 2016-A"]
[Site "Kiel"]
[Date "2016.08.03"]
[Round "7.33"]
[White "Schmieder, Kerstin"]
[Black "Rosmait, Emily"]
[Result "1/2-1/2"]
[WhiteElo "1654"]
[BlackElo "1920"]
[PlyCount "88"]

1. d4 Nf6 2. Nc3 d5 3. Bg5 e6 4. e4 dxe4 5. Bxf6 Qxf6 6. Nxe4 Qf4 7. Bd3 Nc6 8.
c3 Be7 9. Nf3 Bd7 10. Qd2 Qxd2+ 11. Nexd2 O-O-O 12. O-O-O h6 13. Bc2 g5 14. h3
f5 15. Nc4 Bf6 16. g4 Rdf8 17. gxf5 exf5 18. d5 Ne7 19. Nfe5 Bxe5 20. Nxe5 Rf6
21. c4 Ng6 22. Nxd7 Kxd7 23. Ba4+ Kc8 24. Rhe1 Rd8 25. Re3 h5 26. c5 g4 27.
hxg4 fxg4 28. Bc2 Nf4 29. Be4 Nh3 30. f3 Nf2 31. Rg1 Rdf8 32. fxg4 hxg4 33. Bg2
Rf4 34. b3 Rd4 35. Kc2 Kd8 36. Rge1 Rdf4 37. d6 cxd6 38. cxd6 R4f6 39. Re7 Rxd6
40. Rxb7 Nd3 41. Re2 Rf2 42. Rxf2 Nxf2 43. Rxa7 Nd3 44. Be4 Ne5 1/2-1/2

[Event "Kieler Open 2016-A"]
[Site "Kiel"]
[Date "2016.08.03"]
[Round "7.34"]
[White "Tobianski, Fabian"]
[Black "Karlisch, Moritz"]
[Result "0-1"]
[WhiteElo "1920"]
[BlackElo "1823"]
[PlyCount "50"]

1. c4 Nf6 2. g3 e6 3. Nf3 d5 4. Bg2 Be7 5. O-O O-O 6. b3 b6 7. d3 Bb7 8. Nbd2
c5 9. e3 Nbd7 10. Bb2 Qc7 11. Qe2 Rac8 12. e4 dxe4 13. dxe4 e5 14. Nh4 Rfe8 15.
Nf5 Nb8 16. Rad1 Nc6 17. f4 Nd4 18. Nxd4 cxd4 19. fxe5 Bc5 20. Qd3 Ng4 21. Bxd4
Rcd8 22. Nf3 Nxe5 23. Qc3 Nxf3+ 24. Rxf3 Rxd4 25. Rxd4 Qe5 0-1

[Event "Kieler Open 2016-A"]
[Site "Kiel"]
[Date "2016.08.03"]
[Round "7.35"]
[White "Frost, Peter"]
[Black "Rohmann, Volker"]
[Result "1-0"]
[WhiteElo "1907"]
[BlackElo "1820"]
[PlyCount "93"]

1. d4 d5 2. Nf3 Nf6 3. c4 c6 4. Nc3 e6 5. Bg5 Be7 6. e3 Nbd7 7. Qc2 O-O 8. cxd5
exd5 9. Bd3 Re8 10. O-O Nf8 11. h3 g6 12. Ne5 Ne6 13. f4 Rf8 14. Bh6 Ng7 15.
Rf3 Nd7 16. Kh1 Nxe5 17. dxe5 f5 18. Rg1 Be6 19. g4 Qd7 20. Rfg3 Rf7 21. Bxg7
Kxg7 22. gxf5 Bxf5 23. Ne2 c5 24. e4 dxe4 25. Bxe4 Rd8 26. Nc3 Kh8 27. Rd1 Qe8
28. Rxd8 Qxd8 29. Bxf5 Rxf5 30. Rd3 Qc8 31. Qd2 Qe6 32. Kh2 g5 33. Nd5 Bf8 34.
Nf6 gxf4 35. Rd7 Rxf6 36. exf6 Qxf6 37. Qc3 Qxc3 38. bxc3 b5 39. Rxa7 Bd6 40.
Kg2 b4 41. cxb4 cxb4 42. Rd7 Bf8 43. Kf3 Kg8 44. Rb7 Bd6 45. Kg4 h6 46. Kh5 Bf8
47. Kg6 1-0

[Event "Kieler Open 2016-A"]
[Site "Kiel"]
[Date "2016.08.03"]
[Round "7.36"]
[White "Richter, Rüdiger"]
[Black "Untiedt, Urs Arved"]
[Result "1-0"]
[WhiteElo "1905"]
[BlackElo "1636"]
[PlyCount "117"]

1. e4 c5 2. Nf3 d6 3. d4 cxd4 4. Qxd4 Bd7 5. Bc4 Nc6 6. Qd3 Nf6 7. O-O e6 8.
Nc3 Nb4 9. Qd1 Qc7 10. Bb3 Be7 11. a3 Na6 12. Bf4 Nh5 13. Be3 Nc5 14. Bxc5 dxc5
15. e5 Nf4 16. Qd2 Ng6 17. Rad1 Bc6 18. Ba4 O-O 19. Bxc6 Qxc6 20. Qe3 Rfd8 21.
Ne4 Rd5 22. c4 Rd7 23. Rxd7 Qxd7 24. g3 Qc7 25. Nc3 Rd8 26. h4 Bf8 27. h5 Ne7
28. g4 Nc6 29. Rd1 Rxd1+ 30. Nxd1 Qd8 31. Nc3 Nd4 32. Kg2 Nxf3 33. Qxf3 b6 34.
Kg3 Qd2 35. Qe2 Qd7 36. Qd1 Qc7 37. f4 a6 38. Ne4 Be7 39. Qd3 h6 40. Nd6 Kf8
41. Qh7 Bxd6 42. exd6 Qxd6 43. Qh8+ Ke7 44. Qxg7 Qd3+ 45. Kh4 Qxc4 46. Qxh6 Qe4
47. Qg5+ Kd7 48. Qe5 Qh1+ 49. Kg5 Qa8 50. h6 Qd8+ 51. Qf6 Qg8+ 52. Qg7 Qd8+ 53.
Kh5 Ke7 54. Qg5+ f6 55. Qg7+ Kd6 56. h7 Qa8 57. h8=Q Qh1+ 58. Kg6 Qe4+ 59. Kf7
1-0

[Event "Kieler Open 2016-A"]
[Site "Kiel"]
[Date "2016.08.03"]
[Round "7.37"]
[White "Schramm, Daniel"]
[Black "Millgramm, Stephan"]
[Result "1/2-1/2"]
[WhiteElo "1988"]
[BlackElo "1800"]
[PlyCount "130"]

1. c4 e6 2. d4 f5 3. Nc3 Nf6 4. Nf3 d5 5. Bg5 c6 6. e3 Bd6 7. Be2 Nbd7 8. c5
Bc7 9. O-O O-O 10. b4 h6 11. Bh4 g5 12. Bg3 Bxg3 13. hxg3 Ne4 14. Nxe4 fxe4 15.
Ne5 Nxe5 16. dxe5 Qc7 17. Qd4 Qg7 18. g4 h5 19. gxh5 g4 20. g3 Rf5 21. Qd1 Rg5
22. Kg2 Bd7 23. Rh1 Be8 24. h6 Qg6 25. Rh4 Bf7 26. Rxg4 Rxg4 27. Bxg4 Qxh6 28.
Qe2 Qg5 29. Rh1 Kg7 30. Qd1 Qxe5 31. Qd2 Bg6 32. a4 Qf6 33. b5 e5 34. Qb2 Re8
35. Be2 d4 36. Bd1 d3 37. Qd2 Qe7 38. Qb4 b6 39. bxc6 Qxc5 40. Qxc5 bxc5 41.
Bg4 Re7 42. Rc1 Rc7 43. Rxc5 Kf6 44. Kf1 Be8 45. f4 exf4 46. gxf4 Rxc6 47. Rf5+
Kg7 48. Re5 Rc1+ 49. Kf2 Bxa4 50. Rxe4 Rc2+ 51. Kg3 Bc6 52. Re7+ Kf6 53. Rxa7
Rg2+ 54. Kh3 Rxg4 55. Kxg4 d2 56. Ra1 Ba4 57. e4 d1=Q+ 58. Rxd1 Bxd1+ 59. Kg3
Kg6 60. Kf2 Kh5 61. Kg3 Kg6 62. Kf2 Kh5 63. Ke3 Kg4 64. f5 Kg5 65. Kd4 Kf6
1/2-1/2

[Event "Kieler Open 2016-A"]
[Site "Kiel"]
[Date "2016.08.03"]
[Round "7.38"]
[White "Priemer, Siegfried"]
[Black "Keyser, Robin"]
[Result "1-0"]
[WhiteElo "1883"]
[BlackElo "1925"]
[PlyCount "79"]

1. d4 e6 2. c4 Nf6 3. Nc3 Bb4 4. Qc2 b6 5. a3 Bxc3+ 6. Qxc3 Bb7 7. f3 d6 8. e4
c5 9. Be3 cxd4 10. Bxd4 Nc6 11. Be3 Qc7 12. Be2 Rc8 13. Rc1 O-O 14. Nh3 Qb8 15.
O-O Ne5 16. Qd2 Rfd8 17. Rfd1 Ng6 18. Nf4 d5 19. cxd5 Rxc1 20. Qxc1 exd5 21.
Nxg6 hxg6 22. exd5 Rxd5 23. Bc4 Rxd1+ 24. Qxd1 Qc7 25. Qd4 Qd7 26. Qxd7 Nxd7
27. b4 Kf8 28. Bd4 Bc6 29. Bb3 a6 30. Kf2 b5 31. g3 g5 32. Ke3 g6 33. f4 g4 34.
f5 g5 35. Bd1 Bf3 36. Bxf3 gxf3 37. Kxf3 Ke7 38. h4 gxh4 39. gxh4 f6 40. Ke4
1-0

[Event "Kieler Open 2016-A"]
[Site "Kiel"]
[Date "2016.08.03"]
[Round "7.39"]
[White "Wenske, Hardy"]
[Black "Kertesz, Oliver"]
[Result "1-0"]
[WhiteElo "1823"]
[BlackElo "1700"]
[PlyCount "81"]

1. Nf3 Nf6 2. d4 c5 3. e3 cxd4 4. exd4 g6 5. Bd3 Bg7 6. O-O O-O 7. Re1 b6 8.
Nbd2 Ba6 9. Bxa6 Nxa6 10. c3 Nc7 11. Ne4 Nxe4 12. Rxe4 d5 13. Re2 h6 14. Qd3
Ne8 15. Ne5 Rc8 16. Qh3 Kh7 17. Bxh6 Bxh6 18. Ng4 Rh8 19. Qxh6+ Kg8 20. Qf4 Rh7
21. Rae1 f6 22. Qg3 Kf8 23. Qd3 f5 24. Ne5 Qd6 25. Qg3 Rg7 26. Qg5 Rc7 27. Nf3
Qf6 28. Re5 Rd7 29. Qh6 g5 30. Re6 Qxh6 31. Rxh6 Rg8 32. Ne5 Rc7 33. Rc6 Rb7
34. Re6 Rc7 35. Ng6+ Rxg6 36. Rxg6 g4 37. Re5 Kf7 38. Rh6 Ng7 39. f3 e6 40.
fxg4 fxg4 41. Rg5 1-0

[Event "Kieler Open 2016-A"]
[Site "Kiel"]
[Date "2016.08.03"]
[Round "7.40"]
[White "Hagenlüke, Thomas"]
[Black "Rommeck, Christiane"]
[Result "1-0"]
[WhiteElo "2010"]
[BlackElo "1558"]
[PlyCount "97"]

1. d4 Nf6 2. c4 d5 3. Nc3 e6 4. cxd5 exd5 5. Bg5 Be7 6. e3 Be6 7. Bd3 Nbd7 8.
f4 Bg4 9. Nf3 Nh5 10. Bxe7 Qxe7 11. Nxd5 Qd6 12. Nc3 O-O 13. O-O Nhf6 14. Qd2
Bxf3 15. Rxf3 Rfe8 16. Qf2 Rad8 17. h3 c5 18. Rd1 cxd4 19. exd4 a6 20. Kh1 Nb6
21. Re3 Nbd5 22. Re5 Qb6 23. Rde1 Kf8 24. Bc4 Nb4 25. Rxe8+ Rxe8 26. Rxe8+ Kxe8
27. Qe2+ Kf8 28. Qe5 Nc6 29. Qc5+ Qxc5 30. dxc5 Nd7 31. Na4 Ke7 32. Kg1 f6 33.
Kf2 g5 34. g3 h6 35. Bd5 Ndb8 36. a3 a5 37. Ke3 f5 38. Kd3 Kd7 39. Kc4 Kc7 40.
Nc3 b6 41. Nb5+ Kb7 42. Nd4 Kc7 43. cxb6+ Kxb6 44.
Nxc6 Nxc6 45. Bxc6 Kxc6 46. a4 Kd6 47. b4 axb4 48. Kxb4 Kc7 49. a5 1-0

[Event "Kieler Open 2016-A"]
[Site "Kiel"]
[Date "2016.08.04"]
[Round "8.1"]
[White "Krause, Benedict"]
[Black "Braun, Arik"]
[Result "0-1"]
[WhiteElo "2381"]
[BlackElo "2569"]
[PlyCount "86"]

1. e4 c6 2. d4 d5 3. Nd2 dxe4 4. Nxe4 Bf5 5. Ng3 Bg6 6. h4 h6 7. Nf3 Nd7 8. h5
Bh7 9. Bd3 Bxd3 10. Qxd3 e6 11. Bd2 Ngf6 12. O-O-O Be7 13. Kb1 Rc8 14. Ne4 c5
15. dxc5 Nxc5 16. Nxf6+ Bxf6 17. Qb5+ Qd7 18. Qxd7+ Nxd7 19. Be3 a6 20. Nd2 Be7
21. Ne4 Rc6 22. g4 Ne5 23. Rhg1 O-O 24. g5 hxg5 25. Bxg5 Bxg5 26. Rxg5 f5 27.
h6 g6 28. f4 Kh7 29. Nf6+ Rxf6 30. fxe5 Rf8 31. Rd7+ Kxh6 32. Rg1 g5 33. Rh1+
Kg6 34. Rhh7 Rg8 35. Rxb7 g4 36. Rh1 Kg5 37. Kc1 g3 38. Kd2 f4 39. Ke2 Rxc2+
40. Kf3 Rf2+ 41. Ke4 Re2+ 42. Kf3 Re3+ 43. Kg2 Kg4 0-1

[Event "Kieler Open 2016-A"]
[Site "Kiel"]
[Date "2016.08.04"]
[Round "8.2"]
[White "Baramidze, David"]
[Black "Fries-Nielsen, Jens Ove"]
[Result "1-0"]
[WhiteElo "2594"]
[BlackElo "2359"]
[PlyCount "61"]

1. e4 e6 2. d4 d5 3. Nc3 Nf6 4. e5 Ng8 5. Bd3 b6 6. Nce2 Ba6 7. Bxa6 Nxa6 8.
Nf3 Qd7 9. O-O Ne7 10. c3 c5 11. Ng3 Rc8 12. Nh5 h6 13. Nh4 Ng8 14. Qg4 g6 15.
Nf6+ Nxf6 16. exf6 Bd6 17. Nf3 cxd4 18. cxd4 Qc7 19. Bd2 Qb8 20. a3 Kd7 21. b4
Rc4 22. b5 Nc7 23. Rfc1 Ne8 24. Qh4 Qc7 25. Rxc4 Qxc4 26. Rc1 Qxb5 27. Bb4 g5
28. Nxg5 Bxb4 29. Nxf7 Bxa3 30. Ne5+ Kd6 31. f7 1-0

[Event "Kieler Open 2016-A"]
[Site "Kiel"]
[Date "2016.08.04"]
[Round "8.4"]
[White "Ernst, Thomas"]
[Black "Jahncke, Giso"]
[Result "1-0"]
[WhiteElo "2357"]
[BlackElo "2332"]
[PlyCount "219"]

1. e4 e5 2. Nf3 Nc6 3. Bb5 a6 4. Ba4 Nf6 5. O-O Be7 6. Re1 b5 7. Bb3 O-O 8. c3
d5 9. exd5 Nxd5 10. Nxe5 Nxe5 11. Rxe5 c6 12. d4 Bd6 13. Re1 Qh4 14. g3 Qh3 15.
Re4 g5 16. Qf1 Qh5 17. Nd2 Bf5 18. f3 Nf6 19. Re1 Rfe8 20. Bd1 Bh3 21. Qf2
Rxe1+ 22. Qxe1 Re8 23. Qf2 Bf4 24. gxf4 gxf4 25. Nf1 Qg6+ 26. Ng3 Nh5 27. Bc2
fxg3 28. hxg3 Qxg3+ 29. Qxg3+ Nxg3 30. Bd3 Bf5 31. Bxf5 Nxf5 32. Kf2 Kg7 33.
Bf4 Kf6 34. Rh1 Kg6 35. Rg1+ Kf6 36. Bg5+ Ke6 37. Rh1 Rg8 38. Bf4 Rh8 39. Re1+
Kd7 40. Re5 Ne7 41. Rh5 Ke6 42. b3 f6 43. Ke2 Rg8 44. Kd3 Rg7 45. Bd2 Rg3 46.
Ke2 Rg2+ 47. Ke1 Rg3 48. f4 Nd5 49. Ke2 Rg7 50. c4 bxc4 51. bxc4 Nb6 52. Rc5
Kd7 53. Ba5 Nc8 54. d5 Ne7 55. dxc6+ Nxc6 56. Rd5+ Kc8 57. Bc3 Rg2+ 58. Kd3 Rf2
59. Rd6 Kc7 60. Rxf6 h5 61. c5 h4 62. Rf7+ Kd8 63. Bf6+ Ke8 64. Rc7 Rf3+ 65.
Kd2 Nb4 66. Bxh4 Nd3 67. Kc2 Nb4+ 68. Kd2 Rxf4 69. Bg3 Rg4 70. Be5 Rg2+ 71. Kd1
Rxa2 72. c6 Nxc6 73. Rxc6 Kd7 74. Rh6 Ke7 75. Kc1 Rg2 76. Bb2 Kd7 77. Kb1 Ke7
78. Ka2 Rg3 79. Ba3+ Kd7 80. Bb4 a5 81. Bxa5 Rf3 82. Kb2 Rg3 83. Bc3 Rf3 84.
Kb3 Rg3 85. Kb2 Rf3 86. Kb3 Rf4 87. Bb4 Rg4 88. Ka4 Rf4 89. Kb5 Rf5+ 90. Bc5
Rg5 91. Rd6+ Kc7 92. Re6 Kd7 93. Re7+ Kd8 94. Rh7 Ke8 95. Kc6 Rg2 96. Re7+ Kd8
97. Rf7 Rg6+ 98. Bd6 Rg8 99. Ra7 Ke8 100. Rb7 Rg2 101. Re7+ Kd8 102. Rh7 Rg8
103. Ra7 Ke8 104. Rb7 Rg2 105. Re7+ Kd8 106. Re3 Rc2+ 107. Bc5 Rc1 108. Ra3 Ke8
109. Rf3 Rc2 110. Rf8# 1-0

[Event "Kieler Open 2016-A"]
[Site "Kiel"]
[Date "2016.08.04"]
[Round "8.5"]
[White "Wichmann, Cliff"]
[Black "Krause, Jonah"]
[Result "1/2-1/2"]
[WhiteElo "2314"]
[BlackElo "2268"]
[PlyCount "54"]

1. d4 Nf6 2. Nf3 g6 3. c4 Bg7 4. Nc3 O-O 5. e4 d6 6. Be2 e5 7. Be3 Ng4 8. Bg5
f6 9. Bc1 Nc6 10. d5 Nd4 11. h3 Nxe2 12. Qxe2 Nh6 13. g4 Nf7 14. Bd2 c5 15. Nh2
Bh6 16. Nf1 a6 17. a4 Bd7 18. Bxh6 Nxh6 19. a5 b5 20. axb6 Qxb6 21. Ne3 Nf7 22.
h4 Rfb8 23. Ra2 Qd8 24. f3 Rb3 25. Kf2 Rab8 26. Kg3 Bc8 27. Rh2 R8b4 1/2-1/2

[Event "Kieler Open 2016-A"]
[Site "Kiel"]
[Date "2016.08.04"]
[Round "8.6"]
[White "Lanka, Zigurds"]
[Black "Horn, Peter"]
[Result "1-0"]
[WhiteElo "2450"]
[BlackElo "2121"]
[PlyCount "45"]

1. e4 e5 2. Nf3 Nc6 3. Bb5 Nd4 4. Nxd4 exd4 5. O-O g6 6. f4 Bg7 7. d3 c6 8. Ba4
d6 9. f5 Be5 10. Nd2 Qe7 11. Nf3 gxf5 12. Nxe5 dxe5 13. exf5 Nf6 14. Bg5 Qd6
15. Qe1 Nd5 16. Qh4 f6 17. Bh6 Qe7 18. Bb3 Bd7 19. Rae1 O-O-O 20. Bxd5 cxd5 21.
Qxd4 Kb8 22. Qh4 Bb5 23. Rxe5 1-0

[Event "Kieler Open 2016-A"]
[Site "Kiel"]
[Date "2016.08.04"]
[Round "8.7"]
[White "Johansson, Thomas"]
[Black "Bharadwaj, Dhanush"]
[Result "1-0"]
[WhiteElo "2222"]
[BlackElo "2296"]
[PlyCount "109"]

1. d4 Nf6 2. c4 g6 3. Nc3 Bg7 4. e4 d6 5. Nf3 O-O 6. Be2 Na6 7. Be3 e5 8. O-O
Ng4 9. Bg5 Qe8 10. h3 h6 11. Bc1 Nf6 12. d5 Nc5 13. Qc2 a5 14. Be3 Na6 15. Nh2
Nh7 16. Qd2 h5 17. Kh1 f5 18. exf5 Bxf5 19. Rae1 Qf7 20. f4 exf4 21. Bxf4 Rfe8
22. g4 hxg4 23. hxg4 Bxc3 24. Qxc3 Be4+ 25. Bf3 Bxf3+ 26. Rxf3 Rxe1+ 27. Qxe1
Re8 28. Qxa5 Qg7 29. Qd2 Nc5 30. Be3 Ne4 31. Qd4 Qxd4 32. Bxd4 Nhg5 33. Re3 Rf8
34. Re1 b6 35. Kg2 Rf7 36. b3 Rh7 37. Nf3 Nxf3 38. Kxf3 Rf7+ 39. Ke3 Ng5 40.
Kd3 Rf3+ 41. Re3 Kf7 42. Rxf3+ Nxf3 43. Ke3 Nh2 44. Kf4 Nf1 45. Bc3 Ke7 46. Kf3
Nh2+ 47. Kg3 Nf1+ 48. Kf4 Nh2 49. Bd4 Kf7 50. Be3 Ke7 51. Kg3 Nf1+ 52. Kf2 Nh2
53. Bg5+ Kd7 54. Kg3 Nf1+ 55. Kg2 1-0

[Event "Kieler Open 2016-A"]
[Site "Kiel"]
[Date "2016.08.04"]
[Round "8.8"]
[White "Thorgeirsson, Sverrir"]
[Black "Schagen, Walt"]
[Result "1-0"]
[WhiteElo "2282"]
[BlackElo "2082"]
[PlyCount "89"]

1. d4 Nf6 2. c4 g6 3. Nc3 d5 4. cxd5 Nxd5 5. Bd2 Bg7 6. e4 Nxc3 7. Bxc3 c5 8.
Bb5+ Nc6 9. Ne2 cxd4 10. Nxd4 Bd7 11. Ne2 e5 12. Qd6 a6 13. Ba4 b5 14. Bb3 Qe7
15. O-O-O Qxd6 16. Rxd6 b4 17. Bd2 Ke7 18. Rd3 Rhd8 19. Bg5+ f6 20. Be3 Be6 21.
Bc5+ Kf7 22. Bxe6+ Kxe6 23. Rhd1 Rxd3 24. Rxd3 Bf8 25. Be3 Rc8 26. Kb1 Na5 27.
b3 Nb7 28. Rd1 Nd6 29. f3 f5 30. exf5+ gxf5 31. Rc1 Rxc1+ 32. Kxc1 Nb5 33. Kd2
Kd5 34. g4 f4 35. Bb6 Bd6 36. Kd3 Bc5 37. Bd8 Bd4 38. h4 Bf2 39. h5 Be1 40. g5
Ke6 41. g6 hxg6 42. hxg6 Nd4 43. g7 Kf7 44. Bc7 e4+ 45. fxe4 1-0

[Event "Kieler Open 2016-A"]
[Site "Kiel"]
[Date "2016.08.04"]
[Round "8.9"]
[White "Ghadimi, Mohammed Reza"]
[Black "Junge, Ralph"]
[Result "1/2-1/2"]
[WhiteElo "2098"]
[BlackElo "2277"]
[PlyCount "32"]

1. e4 e6 2. d4 d5 3. Nd2 Be7 4. Ngf3 Nf6 5. Bd3 c5 6. dxc5 dxe4 7. Nxe4 Nxe4 8.
Bxe4 Qxd1+ 9. Kxd1 Bxc5 10. Ke2 O-O 11. a3 Nd7 12. b4 Be7 13. Bd2 f5 14. Bd3
Bf6 15. Rab1 h6 16. Rhe1 a5 1/2-1/2

[Event "Kieler Open 2016-A"]
[Site "Kiel"]
[Date "2016.08.04"]
[Round "8.10"]
[White "Bente, Björn"]
[Black "Böhm, Thomas"]
[Result "1-0"]
[WhiteElo "2228"]
[BlackElo "2148"]
[PlyCount "75"]

1. d4 e6 2. c4 d5 3. Nc3 c6 4. e3 Bd6 5. Nf3 f5 6. Bd3 Nf6 7. O-O O-O 8. Ne5
Nbd7 9. f4 Ne4 10. Bd2 Nxe5 11. fxe5 Be7 12. Nxe4 fxe4 13. Rxf8+ Bxf8 14. Be2
Bd7 15. Qe1 a5 16. Rc1 Be7 17. Qg3 Qb6 18. b3 c5 19. Bc3 a4 20. cxd5 axb3 21.
axb3 Qxb3 22. d6 Bd8 23. dxc5 Qa3 24. Qe1 Qxc5 25. Bd4 Qa5 26. Qf2 Bg5 27. Rf1
Qd8 28. Qf7+ Kh8 29. Bg4 Qc8 30. Bb6 g6 31. h3 Ra6 32. Bd4 Bh4 33. Kh2 Ra8 34.
Rf6 Qe8 35. Qxe8+ Rxe8 36. Rf7 Ba4 37. d7 Ra8 38. Bxe6 1-0

[Event "Kieler Open 2016-A"]
[Site "Kiel"]
[Date "2016.08.04"]
[Round "8.11"]
[White "Wunder, Niklas"]
[Black "Jacobs, Florian"]
[Result "0-1"]
[WhiteElo "2089"]
[BlackElo "2228"]
[PlyCount "54"]

1. e4 e5 2. Nf3 Nc6 3. Bb5 Nf6 4. d3 Bc5 5. O-O Nd4 6. Nxd4 Bxd4 7. c3 Bb6 8.
Nd2 c6 9. Ba4 O-O 10. Nc4 Bc7 11. Ne3 d5 12. Qf3 Kh8 13. h3 Be6 14. Nf5 Ng8 15.
g4 g6 16. Kh1 dxe4 17. dxe4 gxf5 18. gxf5 Bc4 19. Rg1 f6 20. Rg4 Qd3 21. Be3
Bb6 22. Rag1 Bxe3 23. fxe3 Qe2 24. Qg3 Nh6 25. Rg6 Nxf5 26. exf5 Bd5+ 27. Rg2
hxg6 0-1

[Event "Kieler Open 2016-A"]
[Site "Kiel"]
[Date "2016.08.04"]
[Round "8.12"]
[White "Pluska, Alexander"]
[Black "Uksini, Bardhyl"]
[Result "0-1"]
[WhiteElo "2116"]
[BlackElo "2259"]
[PlyCount "76"]

1. d4 Nf6 2. Nf3 g6 3. c4 Bg7 4. Nc3 d5 5. cxd5 Nxd5 6. e4 Nxc3 7. bxc3 c5 8.
Bb5+ Bd7 9. Be2 O-O 10. O-O Bg4 11. Rb1 b6 12. h3 Bxf3 13. Bxf3 Nc6 14. Qa4 Rc8
15. d5 Na5 16. c4 Qe8 17. Qc2 e5 18. Bg4 Rc7 19. f4 exf4 20. Bxf4 Re7 21. Bd6
Rxe4 22. Bxf8 Bxf8 23. Qd3 Nxc4 24. Kh1 Nd6 25. Bf3 Re5 26. Qd2 Nf5 27. Qf2 Bd6
28. Rfe1 Nd4 29. Rbd1 Kg7 30. a4 Nxf3 31. gxf3 Qxa4 32. Ra1 Qf4 33. Rxe5 Qxe5
34. Rxa7 Qxd5 35. Rd7 Qe6 36. Rb7 Qxh3+ 37. Kg1 Be5 38. Qg2 Qe6 0-1

[Event "Kieler Open 2016-A"]
[Site "Kiel"]
[Date "2016.08.04"]
[Round "8.13"]
[White "Saglam, Bülent"]
[Black "Parvanyan, Ashot"]
[Result "0-1"]
[WhiteElo "2100"]
[BlackElo "2240"]
[PlyCount "66"]

1. d4 Nf6 2. c4 g6 3. Nc3 Bg7 4. e4 d6 5. Nf3 O-O 6. Be2 Bg4 7. O-O Nfd7 8. Be3
Nc6 9. d5 Bxf3 10. Bxf3 Na5 11. Be2 Bxc3 12. bxc3 e5 13. dxe6 fxe6 14. f4 Qe7
15. f5 Ne5 16. Bh6 Rf7 17. Qa4 b6 18. fxg6 hxg6 19. Bf4 Raf8 20. Bg3 Qg5 21.
Rxf7 Rxf7 22. Qe8+ Kg7 23. Re1 Qe3+ 24. Kh1 Ng4 25. Bf3 Nf2+ 26. Bxf2 Qxf2 27.
Rg1 Nxc4 28. Qxe6 Ne5 29. Bd1 Nd3 30. Bb3 Qf4 31. g3 Qf3+ 32. Rg2 Qf1+ 33. Rg1
Nf2# 0-1